<?xml version="1.0" encoding="UTF-8"?>
<marc:record xmlns:marc="http://www.loc.gov/MARC21/slim">
   <marc:leader>00000nam a2200000 a 4500</marc:leader>
   <marc:datafield ind1="1" ind2=" " tag="100">
      <marc:subfield code="a">Pörksen, Bernhard</marc:subfield>
      <marc:subfield code="4">aut</marc:subfield>
      <marc:subfield code="e">Verfasser/-in</marc:subfield>
   </marc:datafield>
   <marc:datafield ind1="1" ind2=" " tag="100">
      <marc:subfield code="a">Schulz von Thun, Friedemann</marc:subfield>
      <marc:subfield code="4">aut</marc:subfield>
      <marc:subfield code="e">Verfasser/-in</marc:subfield>
   </marc:datafield>
   <marc:datafield ind1=" " ind2=" " tag="653">
      <marc:subfield code="a">Kommunikation</marc:subfield>
   </marc:datafield>
   <marc:datafield ind1=" " ind2=" " tag="653">
      <marc:subfield code="a">Psychologie</marc:subfield>
   </marc:datafield>
   <marc:datafield ind1=" " ind2=" " tag="653">
      <marc:subfield code="a">Vertreter der Humanistischen Psychologie</marc:subfield>
   </marc:datafield>
   <marc:datafield ind1=" " ind2=" " tag="653">
      <marc:subfield code="a">Systemiker</marc:subfield>
   </marc:datafield>
   <marc:datafield ind1=" " ind2=" " tag="653">
      <marc:subfield code="a">Pädagogen</marc:subfield>
   </marc:datafield>
   <marc:datafield ind1=" " ind2=" " tag="653">
      <marc:subfield code="a">Coachs</marc:subfield>
   </marc:datafield>
   <marc:datafield ind1=" " ind2=" " tag="653">
      <marc:subfield code="a">Berater</marc:subfield>
   </marc:datafield>
   <marc:datafield ind1=" " ind2=" " tag="653">
      <marc:subfield code="a">Jeder</marc:subfield>
   </marc:datafield>
   <marc:datafield ind1=" " ind2=" " tag="653">
      <marc:subfield code="a">der mit sich und anderen kommuniziert</marc:subfield>
   </marc:datafield>
   <marc:datafield ind1=" " ind2=" " tag="653">
      <marc:subfield code="a">Kommunikationspsychologie</marc:subfield>
   </marc:datafield>
   <marc:datafield ind1=" " ind2=" " tag="653">
      <marc:subfield code="a">systemische Beratung</marc:subfield>
   </marc:datafield>
   <marc:datafield ind1=" " ind2=" " tag="653">
      <marc:subfield code="a">Softcover / Psychologie/Angewandte Psychologie</marc:subfield>
   </marc:datafield>
   <marc:datafield ind1="0" ind2="0" tag="245">
      <marc:subfield code="a">Kommunikation als Lebenskunst</marc:subfield>
   </marc:datafield>
   <marc:datafield ind1="0" ind2="0" tag="245">
      <marc:subfield code="b">Philosophie und Praxis des Miteinander-Redens</marc:subfield>
   </marc:datafield>
   <marc:datafield ind1="0" ind2="0" tag="245">
      <marc:subfield code="c">Bernhard Pörksen ; Friedeman Schulz von Thun</marc:subfield>
   </marc:datafield>
   <marc:datafield ind1=" " ind2="1" tag="264">
      <marc:subfield code="a">Heidelberg</marc:subfield>
      <marc:subfield code="b">Carl-Auer-Verl.</marc:subfield>
      <marc:subfield code="c">2014</marc:subfield>
   </marc:datafield>
   <marc:datafield ind1="1" ind2=" " tag="520">
      <marc:subfield code="a">Angaben aus der Verlagsmeldung

Kommunikation als Lebenskunst : Philosophie und Praxis des Miteinander-Redens / von Bernhard Pörksen, Friedeman Schulz von Thun

Warum funktionieren Kommunikationsrezepte nie? Was bedeutet Schweigen? Mit wie vielen Ohren hören wir zu? Warum sind Missverständnisse normal? Wie übt man Kritik, ohne den anderen zu verletzen? Ist das Miteinander-Reden eine Lebenskunst?

Dies ist ein Buch über die großen und kleinen Fragen der Kommunikation, ein Dialog zwischen dem Psychologen Friedemann Schulz von Thun und dem Medienwissenschaftler Bernhard Pörksen.

Gleichermaßen humorvoll und ernst, mit Lust an der Debatte und der erhellenden Zuspitzung entfalten die Autoren die zentralen Modelle der Kommunikationspsychologie (das Kommunikations- und Wertequadrat, die Metapher vom Teufelskreis und das Bild vom inneren Team, das Situationsmodell und das Ideal der Stimmigkeit) und zeigen, wie sich humanistische Psychologie und systemisches Denken, die Betrachtung innerer und äußerer Kräftefelder produktiv verbinden lassen. Überdies wird deutlich, wie sich die verschiedenen Modelle und Perspektiven in der Praxis (Coaching, Pädagogik, interkulturelle Kommunikation) bewähren.

Den Schluss des Buches bildet ein Gespräch über das Glück und den Tod und die Frage, was Kommunikation im Angesicht der eigenen Endlichkeit zu leisten vermag. Offenbar wird so das Panorama eines Denkens, das keine Fertig-Rezepte der besseren Lebensführung bietet, wohl aber Reflexionswerkzeuge und gedankliche Geländer für individuell stimmige Lösungen.
</marc:subfield>
   </marc:datafield>
   <marc:datafield ind1=" " ind2=" " tag="020">
      <marc:subfield code="a">9783849700492</marc:subfield>
      <marc:subfield code="9">9783849700492</marc:subfield>
   </marc:datafield>
   <marc:datafield ind1=" " ind2=" " tag="020">
      <marc:subfield code="a">3849700496</marc:subfield>
      <marc:subfield code="9">3849700496</marc:subfield>
   </marc:datafield>
   <marc:datafield ind1=" " ind2=" " tag="041">
      <marc:subfield code="a">ger</marc:subfield>
   </marc:datafield>
   <marc:datafield ind1=" " ind2=" " tag="300">
      <marc:subfield code="a">216 S.</marc:subfield>
   </marc:datafield>
</marc:record>
